| 000 | 01371nam a2200373Ia 4500 | ||
|---|---|---|---|
| 001 | ebr10510714 | ||
| 003 | CaPaEBR | ||
| 006 | m u | ||
| 007 | cr cn||||||||| | ||
| 008 | 101215s2011 enka sb 001 0 eng d | ||
| 010 | _z 2010048032 | ||
| 020 | _z0470685719 | ||
| 020 | _z9780470685716 | ||
| 020 | _z9781119991144 | ||
| 040 |
_aCaPaEBR _cCaPaEBR |
||
| 035 | _a(OCoLC)764691581 | ||
| 050 | 1 | 4 |
_aTK7871.85 _b.V6525 2011eb |
| 082 | 0 | 4 |
_a621.3815/2 _222 |
| 100 | 1 | _aVoldman, Steven H. | |
| 245 | 1 | 0 |
_aESD _h[electronic resource] : _bdesign and synthesis / _cSteven H. Voldman. |
| 260 |
_aChichester, West Sussex, U.K. : _bWiley, _c2011. |
||
| 300 |
_axx, 270 p. : _bill. |
||
| 490 | 1 | _aESD series | |
| 504 | _aIncludes bibliographical references and index. | ||
| 533 |
_aElectronic reproduction. _bPalo Alto, Calif. : _cebrary, _d2013. _nAvailable via World Wide Web. _nAccess may be limited to ebrary affiliated libraries. |
||
| 650 | 0 |
_aSemiconductors _xProtection. |
|
| 650 | 0 |
_aIntegrated circuits _xProtection. |
|
| 650 | 0 | _aElectrostatics. | |
| 650 | 0 |
_aAnalog electronic systems _xDesign and construction. |
|
| 655 | 7 |
_aElectronic books. _2local |
|
| 710 | 2 | _aebrary, Inc. | |
| 830 | 0 | _aESD series. | |
| 856 | 4 | 0 |
_uhttp://site.ebrary.com/lib/rucke/Doc?id=10510714 _zAn electronic book accessible through the World Wide Web; click to view |
| 999 |
_c120371 _d120371 |
||